[Event "BEL-ch U16"]
[Site "Blankenberge"]
[Date "2015.04.16"]
[Round "7"]
[White "Cnudde, Matthias"]
[Black "Meulenyzer, Alan"]
[Result "1-0"]
[WhiteElo "1490"]
[BlackElo "1457"]
[PlyCount "49"]
[EventDate "2015.04.12"]
[EventType "swiss"]
[EventRounds "9"]
[EventCountry "BEL"]
[SourceTitle "CBM 166 Extra"]
[Source "ChessBase"]
[SourceDate "2015.06.18"]
[SourceVersion "1"]
[SourceVersionDate "2015.06.18"]
[SourceQuality "1"]

1. e4 e6 2. d4 d5 3. Nc3 dxe4 4. Nxe4 Nd7 5. Bf4 Ngf6 6. Bd3 c5 7. dxc5 Nxc5 8. Nxc5 Bxc5 9. Nf3 Qb6 10. 0-0 Qxb2 11. Rb1 Qa3 12. Bb5+ Ke7 13. Bc4 Bd6 14. Bxd6+ Qxd6 15. Qxd6+ Kxd6 16. Rfd1+ Ke7 17. Ne5 Ne4 18. Rd4 Nd6 19. Be2 Nf5 20. Rdd1 f6 21. Nc4 b6 22. Bf3 Rb8 23. Na5 Ke8 24. Nc6 Rb7 25. Rd8+ 1-0